000 00862nam a2200265Ia 4500
003 OSt
005 20220925223817.0
006 a|||||r|||| 00| 0
007 ta
008 220923b |||||||| |||| 00| 0 eng d
020 _a0415075653
_c2116.8099999999999
037 _bATB/74, 05/09/2007, ASHUTOSH TECHNICAL BOOKS
_cGeneral Book
040 _aRTL
_cRTL
_beng
041 _2eng
_aeng
082 _aY15, N4
100 _aFolbre Nancy
_9250824
245 0 _aWho pays for the kids? Gender and the structures of constraint
260 _aLondon
_bRoutledge
_c1994
300 _axi, 335p
_ccm.
490 _aEconomics as Social Theory Series
500 _aBibliography P 291-325
650 _aSociolology
_9230864
942 _hY15, N4
_cGB
_2CC
999 _c580439
_d580439